| 000 | 00885nam a22002057a 4500 | ||
|---|---|---|---|
| 999 |
_c3326 _d3326 |
||
| 003 | AR-CdUCM | ||
| 008 | 190306b ||||| |||| 00| 0 spa d | ||
| 040 |
_aMUNICIPALIDAD PROVINCIAL DEL CUSCO _cBIBLIOTECA MUNICIPAL DEL CUSCO |
||
| 082 |
_a323 / _bC 1 |
||
| 110 |
_aFundacion Konrad Adenauer _911048 |
||
| 245 |
_aParticipación Política Indígena en Bolivia : _bMitos y Realidades / |
||
| 260 |
_aBolivia : _bCentral Grafica S.R.L , _c2006. |
||
| 300 |
_a98 páginas ; _c21 cm. |
||
| 505 | _aContenido: Inauguracion -- Exposiciones -- Diálogo -- Indígenas e Instituciones Democráticas -- Derechos Indígenas e Incidencia Política -- Recursos Nacionales e Incidencia Política -- Sistemtización -- Clausura... | ||
| 650 |
_aIndigenismo _9208 |
||
| 650 |
_aConferencias Internacionales _911049 |
||
| 650 |
_aIncidencias Politicas _911050 |
||
| 942 |
_2ddc _cLIBROS |
||
| 945 | _artm | ||